000 00540nam a2200181Ia 4500
999 _c35474
_d35474
003 OSt
005 20201211121140.0
008 190216s9999||||xx |||||||||||||| ||und||
020 _a9780709917700
040 _coclc
082 _a371.93
_bMOR/B
100 _aMortimore, Peter
_97391
245 0 _aBehaviour Problems In Schools /
_cPeter Mortimore
260 _bCroom Helm London And Sydney,
_c1983.
_aLondon:
300 _a149p
650 _aGeneral Collections
942 _cREF
_2ddc
_h371.93
_iMOR/B
_k371.93
_mMOR/B